Welcome to the Holygrace Academy Library

Please use search bar below to get started

BLUEBELL (Record no. 8887)

MARC details
000 -LEADER
fixed length control field 00220nam a22001097a 4500
082 ## - DEWEY DECIMAL CLASSIFICATION NUMBER
Classification number 823
Item number COL/B
100 ## - MAIN ENTRY--AUTHOR NAME
Personal name COLLINS, POPPY
245 ## - TITLE STATEMENT
Title BLUEBELL
246 ## - VARYING FORM OF TITLE
Title proper/short title BLUEBELL
Remainder of title BLUEBELL
650 ## - SUBJECT ADDED ENTRY--TOPICAL TERM
Topical Term ENGLISH STORY
942 ## - ADDED ENTRY ELEMENTS (KOHA)
Koha item type Books
Holdings
Withdrawn status Lost status Collection code Home library Current library Date acquired Full call number Accession Number Koha item type
  Lost Fiction Main Library Main Library 08/08/2024 823 COL/B 00954 Books